00182 a2200073 45000010005000001000015000052450066000202600022000861743 aMiller, D. aFundamental principles and practice of technical drawing Pt-1 abThe grant Ed.c